| 000 | 01088nam0a22003251 4500 | ||
|---|---|---|---|
| 001 | v19\rc\2067175 | ||
| 005 | 20251118181623.3 | ||
| 035 | _a(NLR Aleph) 005142973 | ||
| 090 |
_a4822107 _c4822107 |
||
| 100 | _a20081111e19171917|||y0rusy50 ca | ||
| 101 | 0 | _arus | |
| 102 | _aRU | ||
| 105 | _aa z ||||| | ||
| 200 | 1 |
_aБагаванский храм и его надписи _fИ. Орбели |
|
| 210 |
_aПетроград _cтип. Акад. наук _d1917 |
||
| 215 |
_a128-143 с., 6 л. ил. _d27 |
||
| 309 | _aБез тит. л. | ||
| 311 | _aОтт. из "Христиан. Востока". Т. 5, вып. 2 | ||
| 488 | 0 | _12001#$aХристианский Восток$vТ. 5, вып. 2 | |
| 532 | 1 | 3 | _aБагаванский храм и его надписи |
| 700 | 1 |
_aОрбели _bИ. А. _f1887-1961 _gИосиф Абгарович |
|
| 801 | 0 |
_aRU _bNLR _gpsbo |
|
| 801 | 0 |
_aRU _bRuMoRGB _2psbo |
|
| 801 | 1 |
_aRU _bProSoft-M _2rusmarc |
|
| 852 |
_aNLR _j34.102.1.123 |
||
| 899 |
_aRuMoRGB _jV 40/37 |
||
| 899 | _aБАН | ||
| 942 | _cBOOK | ||
| 980 | _aNB | ||